Faculty of Law Library — Cairo University

Official Online Catalog

Encyclopedia of Banking and Finance / (Record no. 54764)

MARC details
000 -LEADER
fixed length control field 00820nam a2200265 i 4500
003 - CONTROL NUMBER IDENTIFIER
control field EG-GICUC
005 - DATE AND TIME OF LATEST TRANSACTION
control field 20260122133306.0
008 - FIXED-LENGTH DATA ELEMENTS--GENERAL INFORMATION
fixed length control field 260106s1931 us ||||fre||| 00| 0 eng d
040 ## - CATALOGING SOURCE
Original cataloging agency EG-GiCUC
Language of cataloging eng
Transcribing agency EG-GiCUC
Modifying agency EG-GiCUC
Description conventions rda
082 04 - DEWEY DECIMAL CLASSIFICATION NUMBER
Edition number 21
Classification number 332.103
Item number MU . E
092 04 - LOCALLY ASSIGNED DEWEY CALL NUMBER (OCLC)
Edition number 21
099 ## - LOCAL FREE-TEXT CALL NUMBER (OCLC)
Classification number Law1 13 REF 332.103 MU . E 1931
100 1# - MAIN ENTRY--PERSONAL NAME
Personal name Munn,Glenn G.
Relator term Author.
245 10 - TITLE STATEMENT
Title Encyclopedia of Banking and Finance /
Statement of responsibility, etc. By Glenn G, Munn.
264 #1 - PRODUCTION, PUBLICATION, DISTRIBUTION, MANUFACTURE, AND COPYRIGHT NOTICE
Place of production, publication, distribution, manufacture New York :
Name of producer, publisher, distributor, manufacturer The Bankers Publishing Company,
Date of production, publication, distribution, manufacture, or copyright notice 1913.
300 ## - PHYSICAL DESCRIPTION
Extent 765 pages ;
Dimensions 24 cm
336 ## - CONTENT TYPE
Source rda content
Content type term text
337 ## - MEDIA TYPE
Source rda media
Media type term Computer
338 ## - CARRIER TYPE
Source rda carrier
Carrier type term Online Resource
546 ## - LANGUAGE NOTE
Language note Text in English
650 14 - SUBJECT ADDED ENTRY--TOPICAL TERM
Topical term or geographic name entry element Banks
856 40 - ELECTRONIC LOCATION AND ACCESS
Uniform Resource Identifier <a href="https://fll.law.cu.edu.eg/fulltext/bks/B13-09312.pdf">https://fll.law.cu.edu.eg/fulltext/bks/B13-09312.pdf</a>
905 ## - Cataloger and Reviser Names
Cataloger Name: Farah
942 ## - ADDED ENTRY ELEMENTS (KOHA)
Source of classification or shelving scheme Dewey Decimal Classification
Koha item type Reference
Edition 21
Suppress in OPAC No
Holdings
Withdrawn status Lost status Source of classification or shelving scheme Damaged status Not for loan Collection Home library Current library Date acquired Total checkouts Full call number Barcode Date last seen Copy number Price effective from Koha item type
    Dewey Decimal Classification   Not for loan المالية العامة والتشريع الضريبي جــــامعة القــاهرة مكتبة كلية الحقوق - المبنى الرئيسي 06.01.2026   Law1 13 REF 332.103 MU . E 1931 1309312 C1 B13-09312 06.01.2026 1 06.01.2026 Books

© All rights reserved — Faculty of Law, Cairo University